000
00280nam a2200109 a 4500
005
20201002045507.0
008
141209s2011 000 spa d
020
_a
9806007151
245
0
_a
Leyendas del Táchira I.
260
_a
San Cristóbal, Venezuela,
_c
2011.
999
_c
44092
_d
44092
040
_a
DO-SdBNP